1298 1290 1119 1209 1546 1014 1310 1494 1880 1310 1422 1940 1886 1205 1534 1486 1797 1523 1682 1932 1462 1610 1883 1175 1410 1400 1516 1830 1331 1994 2000 1696 1256 1711 1952 1165 1589 1186 1880 1232 1848 1121 1973 1766 1987 1168 1239 1782 1083 1432 1136 1449 1373 1196 1997 1542 1061 1207 1615 1338 1733 1587 1370 1466 1863 1489 1496 1723 1572 1121 1347 1412 1328 1443 1592 1544 1287 1296 1500 1111 1660 1360 1538 1025 1002 1679 1811 1759 1709 1081 1984 1626 1756 1929 1684 1618 1641 1500 1061 BCNSPRNW ULIB Ver.6.0+V

เปลี่ยนเป็นภาษาไทย

Change to English
 แสดงรายละเอียดบรรณานุกรม
  กลับหน้าหลัก

Brief Record : Get Marc (ISO 2709) : E-mail record : QR code < ปิดหน้าต่าง
LEADER : 00000nam 2200000uu 4500
001    13399109849
003     ULIB
008    110412s2551||||th 000 0 tha d
020    9789740904892
060 04 WT100^bค181 2551
245 00 ความเสื่อม--หลีกเลี่ยงไม่ได้แต่ชะลอได้ /^cคณะแพทยศาสตร์จุฬาลงกรณ์มหาวิทยาลัย ; บรรณาธิการ : สุทธิชัย จิตะพันธ์กุล... [และคนอื่นๆ]
246 14 ความเสื่อม หลีกเลี่ยงไม่ได้แต่ชะลอได้
246 30 ความเสื่อม...หลีกเลี่ยงไม่ได้แต่ชะลอได้
250    พิมพ์ครั้งที่ 2
260    กรุงเทพฯ :^bคณะแพทยศาสตร์ จุฬาลงกรณ์มหาวิทยาลัย,^c2551
300    78 หน้า ;^c21 ซม.
400  0 ความรู้ทางการแพทย์สู่ประชาชน
650  7 ผู้สูงอายุ^xโรค^xการรักษา
650  7 ผู้สูงอายุ^xสุขภาพและอนามัย
700 0  สุทธิชัย จิตะพันธ์กุล,^eบรรณาธิการ
710 2  จุฬาลงกรณ์มหาวิทยาลัย. ^bคณะแพทยศาสตร์
945    ^p90^l0^i025379
945    ^p90^l0^i025380
995    เกษร
999 ^a ใช้งานได้ทุกระบบ
รายการนี้ยังไม่มีแท็ก
คุณยังไม่ได้ล็อกอิน คุณสามารถมีกิจกรรมร่วมกับเว็บไซต์ได้ แต่ต้องล็อกอินก่อน ::
  ล็อกอิน

รายการสื่อสารสนเทศ

ลำดับที่ ประเภท เลขเรียก/บาร์โค้ด สถานที่ สถานะ
- ไม่พบข้อมูล -

BibComment


ยังไม่เคยถูกคอมเมนท์

คอมเมนท์ทรัพยากรรายการนี้
  คอมเมนท์: ความเสื่อมหลีกเลี..


 Copyright 2026. Bcnsprnw @Library